000 01018nam a22002897a 4500
001 9864
003 FISKH
005 20260310091646.0
008 260310b cb ||||| |||| 00| 0 eng d
020 _a0945613245
040 _aFISKH
_beng
_cFISKH
_dFISKH
050 _aM21 .S93 .F
082 _a813.54
100 _aSwears, Linda
_eAuthor
245 _aFriends old and new /
_cLinda Swears ; illustrated by Nancy C. Willis
260 _aGreensboro :
_bKindermusik International ,
_c1994
300 _a32 pages :
_bcolor illustrations ;
_c26 cm
505 _aG
520 _aA gentle story about making friends and sharing experiences through music and play. The book helps young children understand friendship, cooperation, and the joy of meeting both old and new friends.
521 8 _a300
_bLexile estimate
521 8 _aG
_bRaz-Plus
650 _aHolidays
_vInstruments
650 _aMusic
_vMusic education
700 _aWillis, Nancy C.
_eIllustrator
942 _2ddc
_cBK
_n0
999 _c9864
_d9864